| 000 | 00000nam 2200000za 4500 |
| 001 | 9.839839 |
| 003 | CaOODSP |
| 005 | 20221107151710 |
| 007 | cr ||||||||||| |
| 008 | 170718s2017 quc ob f000 0 eng d |
| 040 | |aCaOODSP|beng |
| 043 | |an-cn--- |
| 086 | 1 |aP29-043-123-2017E-PDF |
| 245 | 00|aAerosol containers and gas cartridges for transport of dangerous goods |h[electronic resource]. |
| 260 | |aGatineau : |bCanadian General Standards Board : |bStandards Council of Canada, |c2017. |
| 300 | |aii, 16 p. |
| 490 | 1 |aNational standard of Canada ; |vno. 43.123-2017 |
| 500 | |a"March 2017." |
| 500 | |a"Experience and excellence"--Cover. |
| 500 | |aSupersedes CGSB-43.123-2010. |
| 500 | |aIssued also in French under title: Bombes aérosol et cartouches à gaz pour le transport de marchandises dangereuses. |
| 504 | |aIncludes bibliographical references. |
| 520 | |a"This standard sets out the requirements for the design, manufacture, testing and inspection of non-refillable containers with a capacity of not more than 1 L and their selection and use for the handling, offering for transport and transport of UN1950, aerosols and UN2037, gas cartridges, in Canada."--Scope. |
| 692 | 07|2gccst|aPackaging |
| 692 | 07|2gccst|aHazardous materials transport |
| 692 | 07|2gccst|aStandards |
| 710 | 2 |aStandards Council of Canada. |
| 710 | 2 |aCanadian General Standards Board. |
| 775 | 08|tBombes aérosol et cartouches à gaz pour le transport de marchandises dangereuses |w(CaOODSP)9.839841 |
| 794 | |tAerosol containers and gas cartridges for transport of dangerous goods.|b2022|w(CaOODSP)9.909864 |
| 830 | #0|aNational standard of Canada ;|vno. 43.123-2017.|w(CaOODSP)9.507848 |
| 856 | 40|qPDF|s619 KB|uhttps://publications.gc.ca/collections/collection_2017/ongc-cgsb/P29-043-123-2017-eng.pdf |
| 986 | |aICS 55.020, 55.130 |